MARC

LEADER 00000cam a2200000 7i4500
001 0000025397
005 20140811.0
008 140527 my a f may
040 |a INS 
090 0 0 |a M362 
110 1 |a Kursus tatacara lawat periksa ,   |d 2013 24 - 27 Jun   |c INSPEN, Bangi 
245 0 0 |a Kursus tatacara lawat periksa :   |b 24 - 27 Jun 2013   |c Anjuran Pusat Penilaian dan Perkhidmatan Harta, INSPEN 
260 |a Bangi :   |b Institut Penilaian Negara ,   |c 2013 
300 |a 1v. ( Mukasurat pelbagai ) :   |b ill., pic., map. ;   |c 30 cm. 
650 0 0 |a Real estate appraisers   |z Malaysia   |x Malpractice 
710 1 |a INSPEN (Institut Penilaian Negara ) 
856 |u http://app.inspen.gov.my:7779/pls/portal/docs/PAGE/CORPORATEPAGES/PORTAL_INSPEN/NOTA_KURSUS/MANAGEMENT/KURSUS%20TATACARA%20LAWAT%20PERIKSA.PDF 
999 |a M000000834   |b BOOK   |c Course Notes   |e Default branch 
999 |a M000000835   |b BOOK   |c Course Notes   |e Default branch 
999 |a M000000879   |b BOOK   |c Course Notes   |e Default branch